000 00353pam a2200157a 44500
008 230515b2002 xxu||||| |||| 00| 0 eng d
020 _aNULL
041 _aENGL
082 _a620.1/ POP
100 _aPOPOV E.P.
245 _aENGINEERING MECHANICS OF SOLIDS
250 _aN.D.
260 _aNULL
_bPRENT
_c2002
300 _a864 PB
650 _aNULL
999 _c634113
_d634113